[Event "Hommage aux benevoles"]
[Site "Gatineau CAN"]
[Date "2001.11.27"]
[Round "2"]
[White "Groleau, Gilles"]
[Black "Laurin, Jacques"]
[Result "1-0"]
[WhiteElo "2134"]
[BlackElo "1856"]
[PlyCount "67"]
[GameId "2160767911484869"]
[EventDate "2001.11.20"]
[EventType "tourn"]
[EventRounds "5"]
[EventCountry "CAN"]
[SourceTitle "EXT 2022"]
[Source "ChessBase"]
[SourceDate "2021.10.06"]
[SourceVersion "1"]
[SourceVersionDate "2021.10.06"]
[SourceQuality "1"]

1. e4 c5 2. Nf3 Nc6 3. Bb5 Nf6 4. e5 Nd5 5. O-O Nd4 6. Nxd4 cxd4 7. c3 Qb6 8. Bd3 Nf4 9. Be4 d3 10. Na3 Qc5 11. Qf3 Ne2+ 12. Kh1 Nxc1 13. Raxc1 Rb8 14. Qf4 e6 15. Bxd3 b5 16. Qd4 Qxd4 17. cxd4 Bxa3 18. bxa3 O-O 19. Rc5 a6 20. Rfc1 Bb7 21. Kg1 Bd5 22. Bb1 f6 23. f3 Bc4 24. Kf2 fxe5 25. dxe5 Bd5 26. Ke3 Rb6 27. Rc8 Rc6 28. R1xc6 dxc6 29. Bxh7+ Kf7 30. Rc7+ Ke8 31. Rxg7 a5 32. Ra7 a4 33. Bb1 Kd8 34. d4 1-0

[Event "Hommage aux benevoles"]
[Site "Gatineau CAN"]
[Date "2001.12.04"]
[Round "3"]
[White "Arsenault, Michel"]
[Black "Gagnon, Fabien"]
[Result "1-0"]
[WhiteElo "2137"]
[BlackElo "2132"]
[PlyCount "47"]
[GameId "2160767911484870"]
[EventDate "2001.11.20"]
[EventType "tourn"]
[EventRounds "5"]
[EventCountry "CAN"]
[SourceTitle "EXT 2022"]
[Source "ChessBase"]
[SourceDate "2021.10.06"]
[SourceVersion "1"]
[SourceVersionDate "2021.10.06"]
[SourceQuality "1"]

1. c4 Nf6 2. g3 c5 3. Bg2 d5 4. cxd5 Nxd5 5. Nc3 Nc7 6. Nf3 Nc6 7. O-O e5 8. d3 Be7 9. Be3 O-O 10. Na4 Ne6 11. Nd2 Bd7 12. Rc1 Ncd4 13. Bxd4 exd4 14. Bxb7 Rb8 15. Bg2 Bxa4 16. Qxa4 Rxb2 17. Nc4 Rb4 18. Qxa7 Nc7 19. a3 Nb5 20. Qa6 Nc7 21. Qc6 Rb3 22. Rb1 Rc3 23. Rb2 f5 24. Rb7 1-0

[Event "Hommage aux benevoles"]
[Site "Gatineau CAN"]
[Date "2001.12.04"]
[Round "3"]
[White "Laurin, Jacques"]
[Black "Brousseau, Yvan"]
[Result "1-0"]
[WhiteElo "1856"]
[BlackElo "1764"]
[PlyCount "75"]
[GameId "2160767911484871"]
[EventDate "2001.11.20"]
[EventType "tourn"]
[EventRounds "5"]
[EventCountry "CAN"]
[SourceTitle "EXT 2022"]
[Source "ChessBase"]
[SourceDate "2021.10.06"]
[SourceVersion "1"]
[SourceVersionDate "2021.10.06"]
[SourceQuality "1"]

1. c4 e5 2. g3 Nf6 3. Bg2 Be7 4. Nc3 O-O 5. Nf3 d6 6. d4 exd4 7. Nxd4 c6 8. Bf4 Nh5 9. Bd2 Qb6 10. e3 g6 11. b4 Bf6 12. Na4 Qd8 13. Bc3 Nd7 14. g4 Ng7 15. h3 Ne5 16. Qe2 Qe7 17. f4 Nxc4 18. Qxc4 Qxe3+ 19. Ne2 Be6 20. Qe4 Bxc3+ 21. Naxc3 Qb6 22. Qd4 c5 23. bxc5 dxc5 24. Qf2 Rad8 25. Rb1 Qa5 26. Rb5 Qa3 27. Qxc5 Qxc5 28. Rxc5 Rd7 29. O-O b6 30. Rc6 Rd2 31. a4 f5 32. Ng3 fxg4 33. hxg4 Bxg4 34. Bd5+ Kh8 35. Nge4 Rd4 36. Ng5 Nh5 37. Rc7 Bf5 38. Rxh7# 1-0

[Event "Hommage aux benevoles"]
[Site "Gatineau CAN"]
[Date "2001.12.04"]
[Round "3"]
[White "Marghetis, Aris"]
[Black "Groleau, Gilles"]
[Result "0-1"]
[WhiteElo "1849"]
[BlackElo "2134"]
[PlyCount "52"]
[GameId "2160767911484872"]
[EventDate "2001.11.20"]
[EventType "tourn"]
[EventRounds "5"]
[EventCountry "CAN"]
[SourceTitle "EXT 2022"]
[Source "ChessBase"]
[SourceDate "2021.10.06"]
[SourceVersion "1"]
[SourceVersionDate "2021.10.06"]
[SourceQuality "1"]

1. e4 c5 2. Nc3 Nc6 3. g3 g6 4. Bg2 Bg7 5. d3 d6 6. f4 e6 7. Nf3 Nge7 8. O-O O-O 9. Be3 a6 10. Qd2 Qc7 11. Rae1 b5 12. e5 dxe5 13. Nxe5 Bb7 14. Bxc5 Nxe5 15. Rxe5 Bxe5 16. fxe5 Qxc5+ 17. d4 Qc7 18. Bxb7 Qxb7 19. Qg5 b4 20. Ne2 Qe4 21. Rf2 Nf5 22. Nf4 Qxd4 23. g4 h6 24. Qf6 Qd1+ 25. Rf1 Qxg4+ 26. Kh1 Qg5 0-1

[Event "Hommage aux benevoles"]
[Site "Gatineau CAN"]
[Date "2001.12.11"]
[Round "4"]
[White "Groleau, Gilles"]
[Black "Arsenault, Michel"]
[Result "1/2-1/2"]
[WhiteElo "2134"]
[BlackElo "2137"]
[PlyCount "77"]
[GameId "2160767911484873"]
[EventDate "2001.11.20"]
[EventType "tourn"]
[EventRounds "5"]
[EventCountry "CAN"]
[SourceTitle "EXT 2022"]
[Source "ChessBase"]
[SourceDate "2021.10.06"]
[SourceVersion "1"]
[SourceVersionDate "2021.10.06"]
[SourceQuality "1"]

1. e4 c5 2. Nf3 e6 3. d4 cxd4 4. Nxd4 Nf6 5. Nc3 d6 6. Bc4 Be7 7. Be3 O-O 8. Qe2 d5 9. exd5 exd5 10. Bb3 Bb4 11. O-O Re8 12. Qb5 Bxc3 13. bxc3 a6 14. Qd3 Nbd7 15. Nf3 Qc7 16. c4 dxc4 17. Qxc4 Qxc4 18. Bxc4 b5 19. Bb3 Bb7 20. Nd4 Nc5 21. Nf5 Nxb3 22. cxb3 Re5 23. Nd6 Bd5 24. Bf4 Re6 25. Rfe1 Rd8 26. Rxe6 Bxe6 27. Rc1 Nd5 28. Bg3 h6 29. f3 g5 30. Nb7 Rd7 31. Nc5 Ra7 32. Be5 Ra8 33. Nxe6 fxe6 34. Kf2 Nb4 35. Ke3 Rd8 36. a3 Nd3 37. Rd1 Rd5 38. Rxd3 Rxe5+ 39. Kd2 1/2-1/2

[Event "Hommage aux benevoles"]
[Site "Gatineau CAN"]
[Date "2001.12.11"]
[Round "4"]
[White "Laurin, Jacques"]
[Black "Marghetis, Aris"]
[Result "1-0"]
[WhiteElo "1856"]
[BlackElo "1849"]
[PlyCount "93"]
[GameId "2160767911484874"]
[EventDate "2001.11.20"]
[EventType "tourn"]
[EventRounds "5"]
[EventCountry "CAN"]
[SourceTitle "EXT 2022"]
[Source "ChessBase"]
[SourceDate "2021.10.06"]
[SourceVersion "1"]
[SourceVersionDate "2021.10.06"]
[SourceQuality "1"]

1. c4 Nf6 2. g3 g6 3. Bg2 Bg7 4. Nc3 d6 5. d4 O-O 6. Bg5 Nbd7 7. Nf3 c6 8. Qd2 Rb8 9. a4 e5 10. Bxf6 Qxf6 11. Ne4 Qe6 12. d5 cxd5 13. Nfg5 Qe7 14. Qxd5 h6 15. Nf3 Nb6 16. Qxd6 Qxd6 17. Nxd6 Rd8 18. c5 Nd7 19. Rc1 Nxc5 20. Nxf7 Kxf7 21. Rxc5 b6 22. Nxe5+ Kg8 23. Rd5 Re8 24. Nc6 Bb7 25. Rd7 Bxc6 26. Bxc6 Rec8 27. Bd5+ Kh8 28. O-O Rd8 29. Rxd8+ Rxd8 30. e4 Bxb2 31. Rb1 Bd4 32. Rd1 Bc5 33. Kg2 Kg7 34. f4 a6 35. Rc1 Rd7 36. a5 Rc7 37. axb6 Bxb6 38. Bc6 a5 39. Rc2 g5 40. Kf3 a4 41. Bxa4 Rxc2 42. Bxc2 Bd8 43. e5 Bc7 44. Ke4 Kg6 45. f5+ Kg7 46. Kd5 Kf7 47. Bd1 1-0

[Event "Hommage aux benevoles"]
[Site "Gatineau CAN"]
[Date "2001.12.18"]
[Round "5"]
[White "Arsenault, Michel"]
[Black "Laurin, Jacques"]
[Result "1-0"]
[WhiteElo "2137"]
[BlackElo "1856"]
[PlyCount "49"]
[GameId "2160767911484875"]
[EventDate "2001.11.20"]
[EventType "tourn"]
[EventRounds "5"]
[EventCountry "CAN"]
[SourceTitle "EXT 2022"]
[Source "ChessBase"]
[SourceDate "2021.10.06"]
[SourceVersion "1"]
[SourceVersionDate "2021.10.06"]
[SourceQuality "1"]

1. c4 e5 2. g3 Nf6 3. Bg2 Bc5 4. e3 Nc6 5. Nc3 Nb4 6. d3 a5 7. a3 Nc6 8. Nge2 Ne7 9. d4 exd4 10. exd4 Ba7 11. Bg5 Neg8 12. O-O h6 13. Be3 Ne7 14. d5 d6 15. Bxa7 Rxa7 16. Nd4 O-O 17. Qe2 Ng6 18. h3 Ne5 19. b3 c6 20. dxc6 bxc6 21. Nxc6 Nxc6 22. Bxc6 Bxh3 23. Rfd1 Qc7 24. Bh1 Ng4 25. Nb5 1-0

[Event "Hommage aux benevoles"]
[Site "Gatineau CAN"]
[Date "2001.12.18"]
[Round "5"]
[White "Marghetis, Aris"]
[Black "Brousseau, Yvan"]
[Result "0-1"]
[WhiteElo "1849"]
[BlackElo "1764"]
[PlyCount "74"]
[GameId "2160767911484876"]
[EventDate "2001.11.20"]
[EventType "tourn"]
[EventRounds "5"]
[EventCountry "CAN"]
[SourceTitle "EXT 2022"]
[Source "ChessBase"]
[SourceDate "2021.10.06"]
[SourceVersion "1"]
[SourceVersionDate "2021.10.06"]
[SourceQuality "1"]

1. e4 e5 2. Nc3 Nc6 3. f4 exf4 4. Nf3 g5 5. Bc4 g4 6. O-O Bh6 7. d4 gxf3 8. Rxf3 d6 9. h3 Na5 10. Qd3 Nxc4 11. Qxc4 c6 12. Bxf4 Qe7 13. Bg3 Bd7 14. Raf1 f5 15. exf5 d5 16. Qd3 O-O-O 17. f6 Nxf6 18. Rxf6 Qe3+ 19. Qxe3 Bxe3+ 20. Bf2 Bg5 21. Rf3 Rhg8 22. Rg3 Bf5 23. Re1 Bxc2 24. Re5 Bf6 25. Rxg8 Rxg8 26. Rh5 Kd7 27. g4 Bg6 28. Rh6 Bg5 29. Rh4 Rf8 30. Bg3 Bxh4 31. Bxh4 Rf3 32. Kg2 Rd3 33. Bf2 Rd2 34. h4 h5 35. g5 Rxb2 36. Kf3 b5 37. Be3 Bd3 0-1

[Event "Hommage aux benevoles B"]
[Site "Gatineau CAN"]
[Date "2001.11.20"]
[Round "1"]
[White "Lacourse, Guy"]
[Black "Charland, Roger"]
[Result "1/2-1/2"]
[WhiteElo "1664"]
[BlackElo "1427"]
[PlyCount "78"]
[GameId "2160767911484877"]
[EventDate "2001.11.20"]
[EventType "swiss"]
[EventRounds "5"]
[EventCountry "CAN"]

1. d4 Nf6 2. Nf3 g6 3. c4 Bg7 4. Nc3 d6 5. e4 O-O 6. Be2 c5 7. h3 cxd4 8. Nxd4 Nc6 9. Be3 Qa5 10. Qd2 Nd7 11. O-O Nxd4 12. Bxd4 Bxd4 13. Qxd4 Nf6 14. a3 Qg5 15. f4 Qc5 16. Rad1 Nd7 17. f5 b6 18. Nd5 Qxd4+ 19. Rxd4 e5 20. fxe6 fxe6 21. Ne7+ Kg7 22. Rxf8 Kxf8 23. Nxc8 Rxc8 24. Rxd6 Nc5 25. b4 Nxe4 26. Rxe6 Nd2 27. Bg4 Rxc4 28. Rd6 Rc1+ 29. Kh2 Nf1+ 30. Kg1 Ne3+ 31. Kf2 Nxg4+ 32. hxg4 Ke7 33. Rd3 Rc2+ 34. Kf3 Rc6 35. g5 a6 36. Kf4 Ke6 37. Rh3 Rc4+ 38. Kg3 Rc3+ 39. Kf4 Rc4+ 1/2-1/2

[Event "Hommage aux benevoles B"]
[Site "Gatineau CAN"]
[Date "2001.11.27"]
[Round "2"]
[White "Menard, Marc"]
[Black "Lacourse, Guy"]
[Result "1/2-1/2"]
[WhiteElo "1599"]
[BlackElo "1664"]
[PlyCount "88"]
[GameId "2160767911484878"]
[EventDate "2001.11.20"]
[EventType "swiss"]
[EventRounds "5"]
[EventCountry "CAN"]

1. e4 c5 2. Nf3 d6 3. d4 cxd4 4. Nxd4 Nf6 5. Nc3 a6 6. Be2 e6 7. O-O Be7 8. Be3 Nbd7 9. Kh1 b5 10. Nc6 Qc7 11. Nxe7 Kxe7 12. Bf3 Ne5 13. Bd4 Nxf3 14. Bxf6+ gxf6 15. Qxf3 Bb7 16. Qd3 Rac8 17. Rad1 Qc6 18. f3 h5 19. Ne2 h4 20. Nd4 Qc4 21. Nf5+ exf5 22. Qxd6+ Ke8 23. Qd7+ Kf8 24. Qxb7 Qxc2 25. Rd7 Rh7 26. Rfd1 h3 27. Qxc8+ Qxc8 28. Rd8+ Qxd8 29. Rxd8+ Ke7 30. Ra8 fxe4 31. fxe4 Rh4 32. gxh3 Rxh3 33. Rxa6 Re3 34. Rb6 Re1+ 35. Kg2 Re2+ 36. Kf3 Rxb2 37. h4 Rxa2 38. Rxb5 Rh2 39. h5 Kf8 40. Kg3 Rh1 41. Rf5 Kg7 42. Kg4 Rg1+ 43. Kf4 Rf1+ 44. Kg4 Rg1+ 1/2-1/2

[Event "Hommage aux benevoles B"]
[Site "Gatineau CAN"]
[Date "2001.11.04"]
[Round "3"]
[White "Lacourse, Guy"]
[Black "Villeneuve, Luc"]
[Result "0-1"]
[WhiteElo "1664"]
[BlackElo "1617"]
[PlyCount "48"]
[GameId "2160767911484879"]
[EventDate "2001.11.20"]
[EventType "swiss"]
[EventRounds "5"]
[EventCountry "CAN"]

1. d4 Nf6 2. Nf3 d6 3. c4 c6 4. Nc3 Qa5 5. Bf4 Bg4 6. Rc1 Nbd7 7. h3 Bxf3 8. exf3 e5 9. dxe5 dxe5 10. Bd2 Qc7 11. Bd3 Rd8 12. O-O Nc5 13. Bb1 Be7 14. Qe2 O-O 15. b4 Ne6 16. c5 Nd4 17. Qc4 Nxf3+ 18. gxf3 Rxd2 19. Rcd1 Rfd8 20. Bd3 Rxd1 21. Rxd1 Rd4 22. Qb3 Qd7 23. Ne2 Rd5 24. Nc3 Rxd3 0-1

[Event "Hommage aux benevoles B"]
[Site "Gatineau CAN"]
[Date "2001.12.04"]
[Round "3"]
[White "Dallaire, Dominic"]
[Black "Papineau, Andre"]
[Result "1-0"]
[WhiteElo "1617"]
[BlackElo "1647"]
[PlyCount "130"]
[GameId "2160767911484880"]
[EventDate "2001.11.20"]
[EventType "swiss"]
[EventRounds "5"]
[EventCountry "CAN"]

1. e4 c5 2. Nf3 d6 3. d4 cxd4 4. Nxd4 g6 5. Nc3 Bg7 6. Be3 Nc6 7. Qd2 Nf6 8. Nxc6 bxc6 9. Bh6 O-O 10. Bxg7 Kxg7 11. Bc4 Qb6 12. Bb3 Ba6 13. O-O-O Ng4 14. Rhg1 Qxf2 15. h3 Qxd2+ 16. Rxd2 Ne5 17. h4 h5 18. Nd1 Ng4 19. Nf2 Rab8 20. Nh3 Rb4 21. Ng5 Ne5 22. c3 Rbb8 23. Rgd1 Bc4 24. Bxc4 Nxc4 25. Rf2 Ne5 26. b3 c5 27. Kc2 c4 28. Rdf1 cxb3+ 29. axb3 Rb7 30. Ne6+ Kg8 31. Nxf8 Kxf8 32. Ra1 Nd7 33. b4 Ne5 34. Kb3 Nc6 35. Kc4 e6 36. Rfa2 Ne5+ 37. Kd4 Nc6+ 38. Ke3 Ke7 39. Kf4 Rb5 40. Ra6 Kd7 41. Rxc6 Kxc6 42. Rxa7 f6 43. Rg7 d5 44. Rxg6 dxe4 45. Kxe4 Re5+ 46. Kd3 Rf5 47. c4 Rf4 48. g3 Rf3+ 49. Kd4 Rf5 50. Rg7 Rf1 51. Ra7 Rd1+ 52. Kc3 Rg1 53. b5+ Kd6 54. Ra6+ Kd7 55. c5 Rxg3+ 56. Kb4 Rg1 57. Ra7+ Kd8 58. Ka5 e5 59. Rf7 Rf1 60. b6 Kc8 61. c6 Ra1+ 62. Kb5 Rb1+ 63. Kc5 Rc1+ 64. Kd6 Rd1+ 65. Ke7 Rd7+ 1-0

[Event "Hommage aux benevoles B"]
[Site "Gatineau CAN"]
[Date "2001.12.04"]
[Round "3"]
[White "Libersan, Mattieu"]
[Black "Gagne, Marc-Jean"]
[Result "1-0"]
[WhiteElo "1777"]
[BlackElo "1398"]
[PlyCount "83"]
[GameId "2160767911484881"]
[EventDate "2001.11.20"]
[EventType "swiss"]
[EventRounds "5"]
[EventCountry "CAN"]

1. e4 e6 2. d4 b6 3. Nf3 Bb7 4. Bd3 d5 5. e5 f6 6. Nh4 g6 7. Qg4 f5 8. Qg3 Be7 9. Nf3 Nc6 10. c3 Qd7 11. O-O O-O-O 12. Nbd2 Qe8 13. Qf4 h6 14. Qe3 g5 15. Qe2 h5 16. Ba6 h4 17. Nb3 f4 18. Ne1 Nh6 19. a4 Nb8 20. Bxb7+ Kxb7 21. Nd3 Rf8 22. a5 f3 23. gxf3 g4 24. f4 Nf5 25. axb6 cxb6 26. Be3 Rg8 27. h3 gxh3+ 28. Kh2 Ng3 29. fxg3 hxg3+ 30. Kg1 Qg6 31. Ndc5+ Bxc5 32. Nxc5+ Kc6 33. Nxe6 Qxe6 34. f5 Qe7 35. c4 Rh8 36. cxd5+ Kb7 37. d6 Qh4 38. Qf3+ Nc6 39. Rxa7+ Kxa7 40. Qxc6 Rc8 41. Ra1+ Kb8 42. Ra8# 1-0

[Event "Hommage aux benevoles B"]
[Site "Gatineau CAN"]
[Date "2001.12.11"]
[Round "4"]
[White "Dupont, Martin"]
[Black "Bussiere, Denis"]
[Result "1/2-1/2"]
[WhiteElo "1538"]
[BlackElo "1717"]
[PlyCount "82"]
[GameId "2160767911484882"]
[EventDate "2001.11.20"]
[EventType "swiss"]
[EventRounds "5"]
[EventCountry "CAN"]

1. e4 c6 2. d4 d5 3. Nc3 dxe4 4. Nxe4 Bf5 5. Ng3 Bg6 6. Nf3 Nd7 7. Bd3 Qc7 8. O-O e6 9. Re1 Ngf6 10. h3 Bd6 11. Ne4 Nxe4 12. Bxe4 Bxe4 13. Rxe4 Nf6 14. Re1 Bf4 15. Ne5 Bxc1 16. Qxc1 O-O 17. a4 Rfd8 18. c3 c5 19. dxc5 Qxc5 20. Qg5 Rd5 21. c4 h6 22. Qf4 Rd4 23. Qf3 Qe7 24. Rad1 Rad8 25. b3 Qc7 26. Rxd4 Rxd4 27. Kf1 Rd8 28. Qe3 a6 29. Qg3 Qe7 30. Qe3 Nd7 31. Qc3 Qf6 32. Qe3 Nxe5 33. Qxe5 Qxe5 34. Rxe5 Rd3 35. Re3 Rxe3 36. fxe3 a5 37. Ke2 Kf8 38. g4 Ke7 39. c5 Kd7 40. Kd3 Kc6 41. Kd4 f6 1/2-1/2

[Event "Hommage aux benevoles B"]
[Site "Gatineau CAN"]
[Date "2001.12.11"]
[Round "4"]
[White "Libersan, Mattieu"]
[Black "Dallaire, Dominic"]
[Result "1-0"]
[WhiteElo "1777"]
[BlackElo "1617"]
[PlyCount "73"]
[GameId "2160767911484883"]
[EventDate "2001.11.20"]
[EventType "swiss"]
[EventRounds "5"]
[EventCountry "CAN"]

1. e4 c5 2. Nf3 d6 3. d4 cxd4 4. Nxd4 Nf6 5. Nc3 g6 6. Be3 Nc6 7. f3 Bg7 8. Qd2 Bd7 9. Bc4 Nxd4 10. Bxd4 Rc8 11. Bb3 e6 12. O-O-O O-O 13. h4 a5 14. a4 Qe8 15. h5 b5 16. hxg6 fxg6 17. axb5 Rb8 18. e5 dxe5 19. Bxe5 Rb7 20. Qd6 Qc8 21. Rhe1 Ne8 22. Qd4 Nf6 23. Qe3 Re8 24. Bxf6 Bxf6 25. Ne4 Be7 26. Nd6 Bxd6 27. Rxd6 Rc7 28. Rxd7 Rxc2+ 29. Bxc2 Qxd7 30. Bb3 Qxb5 31. Bxe6+ Kg7 32. Qc3+ Kh6 33. Rh1+ Kg5 34. f4+ Kxf4 35. Qf6+ Ke4 36. Re1+ Kd3 37. Qc3# 1-0

[Event "Hommage aux benevoles B"]
[Site "Gatineau CAN"]
[Date "2001.12.11"]
[Round "4"]
[White "Mai, Lloyd"]
[Black "Lacourse, Guy"]
[Result "0-1"]
[WhiteElo "1160"]
[BlackElo "1664"]
[PlyCount "74"]
[GameId "2160767911484884"]
[EventDate "2001.11.20"]
[EventType "swiss"]
[EventRounds "5"]
[EventCountry "CAN"]

1. e4 c5 2. Nf3 d6 3. Nc3 Nf6 4. Bc4 e6 5. d3 a6 6. Bf4 Nc6 7. O-O b5 8. Bb3 Qc7 9. Re1 Bb7 10. e5 dxe5 11. Nxe5 Bd6 12. Nxc6 Bxf4 13. Bxe6 O-O 14. Nd5 Nxd5 15. Bxd5 Bxc6 16. Bxc6 Qxc6 17. Qg4 Qh6 18. g3 Bd2 19. Re5 Ba5 20. Rxc5 Qf6 21. c3 Bb6 22. Rf5 Qe6 23. Rg5 Qxg4 24. Rxg4 f5 25. Rf4 g5 26. Rf3 g4 27. Rf4 Rae8 28. d4 Bc7 29. Kg2 Bxf4 30. gxf4 h5 31. Kg3 Kg7 32. Rd1 Re2 33. d5 Rxb2 34. d6 Rxa2 35. d7 Rd8 36. Kh4 Kf6 37. Kxh5 Rh8# 0-1

[Event "Hommage aux benevoles B"]
[Site "Gatineau CAN"]
[Date "2001.12.11"]
[Round "4"]
[White "Papineau, Andre"]
[Black "Gagne, Marc-Jean"]
[Result "1-0"]
[WhiteElo "1647"]
[BlackElo "1398"]
[PlyCount "73"]
[GameId "2160767911484885"]
[EventDate "2001.11.20"]
[EventType "swiss"]
[EventRounds "5"]
[EventCountry "CAN"]

1. d4 e6 2. c4 b6 3. Nf3 Bb7 4. g3 Nf6 5. Bg2 d5 6. cxd5 Bxd5 7. O-O Be7 8. Nc3 Bb7 9. Bf4 a6 10. Rc1 Nbd7 11. Qc2 Nh5 12. Bd2 Rc8 13. Ne4 Nhf6 14. Nxf6+ Nxf6 15. Bc3 Qd5 16. a3 O-O 17. e3 c5 18. Rfd1 Qh5 19. Ne5 Nd5 20. Nd7 Rfd8 21. Nxb6 Rc7 22. Nxd5 exd5 23. Ba5 Rdc8 24. Bxc7 Rxc7 25. dxc5 Rxc5 26. Qb3 Rb5 27. Qc3 Rc5 28. Qd4 Rb5 29. b4 h6 30. Qa7 Qe5 31. Bf1 Bg5 32. Bxb5 axb5 33. f4 Qe4 34. Qd4 Bf6 35. Qxe4 dxe4 36. Rc7 Ba6 37. Ra7 1-0

[Event "Hommage aux benevoles B"]
[Site "Gatineau CAN"]
[Date "2001.12.11"]
[Round "4"]
[White "Villeneuve, Luc"]
[Black "Scantland, Patrick"]
[Result "0-1"]
[WhiteElo "1617"]
[BlackElo "1591"]
[PlyCount "50"]
[GameId "2160767911484886"]
[EventDate "2001.11.20"]
[EventType "swiss"]
[EventRounds "5"]
[EventCountry "CAN"]

1. e4 c5 2. Nf3 d6 3. Bb5+ Nc6 4. O-O Bd7 5. c3 Nf6 6. Re1 Qc7 7. d4 cxd4 8. cxd4 e6 9. Nc3 Be7 10. d5 exd5 11. exd5 Nb8 12. Qe2 Bxb5 13. Nxb5 Qd7 14. Bg5 Nxd5 15. Bxe7 Nxe7 16. Nxd6+ Qxd6 17. Rad1 Qc7 18. Rc1 Nbc6 19. b4 a6 20. Qc4 O-O 21. Qc5 Rac8 22. Nd4 Qf4 23. Nb3 Ng6 24. Rc4 Qb8 25. b5 Nce5 0-1

[Event "Hommage aux benevoles B"]
[Site "Gatineau CAN"]
[Date "2001.12.18"]
[Round "5"]
[White "Hastie, Robert"]
[Black "Lacourse, Guy"]
[Result "1-0"]
[WhiteElo "1761"]
[BlackElo "1664"]
[PlyCount "103"]
[GameId "2160767911484887"]
[EventDate "2001.11.20"]
[EventType "swiss"]
[EventRounds "5"]
[EventCountry "CAN"]

1. e4 c5 2. c4 Nc6 3. Nc3 g6 4. g3 Bg7 5. Bg2 d6 6. d3 Nh6 7. Nf3 f5 8. O-O O-O 9. Nd5 Nf7 10. exf5 gxf5 11. Re1 e6 12. Nf4 Nce5 13. d4 Nxf3+ 14. Bxf3 e5 15. dxe5 dxe5 16. Nh5 Ng5 17. Bd5+ Nf7 18. Nxg7 Kxg7 19. Qh5 Qf6 20. Bxf7 Rxf7 21. b3 e4 22. h4 Bd7 23. Qg5+ Qxg5 24. Bxg5 Bc6 25. Rad1 h6 26. Be3 b6 27. Rd6 Rf6 28. Rxf6 Kxf6 29. Bxh6 Rh8 30. Bf4 Rh7 31. Rd1 Rd7 32. Rxd7 Bxd7 33. Bb8 a6 34. Ba7 b5 35. cxb5 axb5 36. Bxc5 Be8 37. Kf1 Ke5 38. Be3 Bh5 39. Ke1 Kd5 40. Kd2 Be8 41. Kc3 Bh5 42. a4 bxa4 43. bxa4 Bd1 44. a5 Be2 45. Kd2 Ba6 46. Bb6 Ke6 47. Ke3 Kf6 48. Kf4 Bd3 49. h5 Kg7 50. Kg5 Kh7 51. Be3 Kg7 52. Kxf5 1-0

[Event "Hull"]
[Site "Hull CAN"]
[Date "2001.01.09"]
[Round "5"]
[White "Arsenault, Michel"]
[Black "Gagnon, Fabien"]
[Result "1-0"]
[WhiteElo "1960"]
[BlackElo "2054"]
[PlyCount "89"]
[GameId "2160767911627352"]
[EventDate "2001.??.??"]
[EventCountry "CAN"]

1. c4 e6 2. Nf3 d5 3. b3 Be7 4. Bb2 Bf6 5. d4 c5 6. e3 Nc6 7. Be2 Nge7 8. O-O O-O 9. Na3 b6 10. Qd2 Bb7 11. Rfd1 cxd4 12. exd4 a6 13. Nc2 Rc8 14. Ne3 Ng6 15. Ng4 Be7 16. Nge5 Bd6 17. Rac1 Nce7 18. c5 Bxe5 19. dxe5 bxc5 20. Ba3 Nc6 21. Bxc5 Re8 22. Bd4 Nxd4 23. Qxd4 Qa5 24. a4 Ne7 25. Bd3 Rc6 26. Rxc6 Bxc6 27. Rc1 Rb8 28. Qc3 Qb6 29. Nd4 Rc8 30. Qc5 Qxc5 31. Rxc5 Bb7 32. Rxc8+ Bxc8 33. f4 Kf8 34. b4 h6 35. Kf2 Ke8 36. b5 axb5 37. Nxb5 f6 38. exf6 gxf6 39. Nd6+ Kd7 40. Nxc8 Nxc8 41. g4 e5 42. Bf5+ Kd8 43. Bxc8 Kxc8 44. fxe5 fxe5 45. h4 1-0

[Event "Hull"]
[Site "Hull CAN"]
[Date "2001.01.09"]
[Round "5"]
[White "Rose, Richard"]
[Black "Thomann, Olivier"]
[Result "1-0"]
[WhiteElo "1832"]
[BlackElo "1848"]
[PlyCount "53"]
[GameId "2160767911627353"]
[EventDate "2001.??.??"]
[EventCountry "CAN"]

1. e4 e5 2. Nf3 Nc6 3. Bc4 Bc5 4. Nc3 d6 5. h3 Nf6 6. d3 h6 7. O-O O-O 8. Na4 Bb6 9. Nxb6 axb6 10. a3 Qe7 11. Re1 Be6 12. Qe2 Bxc4 13. dxc4 Qe6 14. b3 Ne7 15. Kh2 Ng6 16. g3 Nh7 17. g4 Qf6 18. Rg1 Nf4 19. Bxf4 Qxf4+ 20. Rg3 Ng5 21. Nxg5 hxg5 22. Kg2 Qf6 23. Qd2 Qe7 24. Rf3 g6 25. h4 gxh4 26. Qh6 g5 27. Rf6 1-0

[Event "Hull"]
[Site "Hull CAN"]
[Date "2001.10.09"]
[Round "5"]
[White "Laurin, Jacques"]
[Black "Cote, Jacques"]
[Result "1/2-1/2"]
[WhiteElo "1914"]
[BlackElo "2121"]
[PlyCount "94"]
[GameId "2160767911627354"]
[EventDate "2001.??.??"]
[EventCountry "CAN"]
[SourceTitle "EXT 2005"]
[Source "ChessBase"]
[SourceDate "2004.11.15"]
[SourceVersion "1"]
[SourceVersionDate "2004.11.15"]
[SourceQuality "1"]

1. c4 g6 2. g3 Bg7 3. Bg2 c6 4. Nc3 d6 5. e3 e5 6. Nge2 Be6 7. b3 d5 8. cxd5 cxd5 9. Ba3 Qa5 10. Qc1 Nc6 11. b4 Qd8 12. O-O Rc8 13. Qd1 Nge7 14. b5 Na5 15. Bxe7 Kxe7 16. Qa4 b6 17. Rac1 Rc4 18. Qa3+ Qd6 19. Qxd6+ Kxd6 20. d3 Rb4 21. Rc2 f5 22. Rfc1 d4 23. Nd1 Rxb5 24. exd4 exd4 25. Rc7 Bf6 26. Rxa7 Bxa2 27. Rcc7 Rb1 28. Rd7+ Kc5 29. Rac7+ Kb4 30. Nc1 Bb3 31. Rd6 Be5 32. Rxb6+ Ka4 33. Rc5 Rb8 34. Ra6 Bxd1 35. Bc6+ Kb4 36. Raxa5 Rxc1 37. Rxc1 Kxa5 38. Rxd1 Rb2 39. Bd5 g5 40. Re1 Bd6 41. Re8 Kb4 42. Rd8 Rb1+ 43. Kg2 Be5 44. Rd7 Kc3 45. Be6 f4 46. Rxh7 fxg3 47. hxg3 Rd1 1/2-1/2

[Event "Hull-ch1"]
[Site "Hull CAN"]
[Date "2001.03.06"]
[Round "1"]
[White "Danis, Jacques"]
[Black "Cote, Jacques"]
[Result "0-1"]
[WhiteElo "1760"]
[BlackElo "2039"]
[PlyCount "58"]
[GameId "2160767911610357"]
[EventDate "2001.03.04"]
[EventType "tourn"]
[EventRounds "5"]
[EventCountry "CAN"]
[SourceTitle "EXT 2005"]
[Source "ChessBase"]
[SourceDate "2004.11.15"]
[SourceVersion "1"]
[SourceVersionDate "2004.11.15"]
[SourceQuality "1"]

1. e4 e5 2. Nf3 Nc6 3. Bc4 Nf6 4. d4 exd4 5. O-O Bc5 6. e5 d5 7. exf6 dxc4 8. Re1+ Be6 9. fxg7 Rg8 10. Ng5 Qd5 11. Nc3 Qf5 12. g4 Qg6 13. Nce4 Be7 14. f4 Rxg7 15. f5 Bxf5 16. gxf5 Qxf5 17. Kh1 O-O-O 18. Qf3 Qd5 19. Bf4 f5 20. Nd6+ Rxd6 21. Qxd5 Rxd5 22. Ne6 Rg4 23. Nxc7 Rd7 24. Ne6 b5 25. Rad1 Rg6 26. Bg3 Bb4 27. c3 dxc3 28. Rxd7 Kxd7 29. bxc3 Rxe6 0-1